000 00397nam a2200169Ia 4500
001 32041
003 IN-NITTTR
005 20251114233427.0
008 251113s9999||||xx |||||||||||||| ||eng||
040 _beng
040 _cIN-NITTTR
041 _aeng
082 _a005.74068 D262D
100 _aDate, C.J.  
245 3 _aAn Introduction to Database Systems /
_cDate,C.J.  
942 _2ddc
_cBK
999 _c34671
_d34671